Responses for show #3862 - Tuesday, May 22, 2001

Babu Srinivasan game 5.

Contestants

[<< previous game]

Greg Powell, a Bible minister from Calhoun, Georgia

Lisa Andrus, a retail sales associate from Tyler, Texas

Babu Srinivasan, a graduate student and history teacher from Houston, Texas (whose 4-day cash winnings total $61,800)

[next game >>]

Jeopardy! Round responses

STARTING HERE
HOLLYWOOD WALK OF FAME
NUTS!
"TILE" IT
FRANCO, MY DEAR
I DON'T GIVE A DAM
    $100 12
(B: What is work?)

The drawing board

Babu
Triple Stumper
    $100 4
Sammy Davis, Jr.

Babu
    $100 11
Pistachios

Babu
    $100 30
Reptile

Lisa
    $100 1
(G: What is Havana?)

Madrid

BabuGreg
    $100 16
Hoover Dam

Lisa
    $200 13
Scratch

Lisa
    $200 7
Burt Lancaster

Babu
    $200 15
(B: What are macadamias?)

Cashews

BabuLisa
    $200 29
Turnstile

Greg
    $200 2
(L: Who is Dan Aykroyd?)

Chevy Chase

BabuLisa
    $200 17
Washington

Triple Stumper
    $300 14
(B: What is roll?)

Start the ball rolling

BabuGreg
    $300 8
100th (George Burns)

Babu
    $300 19
Almonds

Lisa
    $300 28
Gentile

Greg
    $300 3
Spanish Civil War

Lisa
    $300 18
Egypt

Greg
    $400 22
Raise the curtain (Curtin)

Babu
    $400 9
Nat King Cole

Greg
    $1,500 26
(B: What is a peanut?)

Macadamia

Babu
    $400 25
Futile

Babu
    $400 5
Gibraltar

Lisa
    $400 20
the People's Republic of China

Lisa
    $500 23
(L: What is the New York Marathon?)
(we have a minute to go, Babu...)

New York Stock Exchange

Lisa
Triple Stumper
    $500 10
Donna Reed

Greg
    $500 27
Walnut

Triple Stumper
    $500 24
Mercantile

Babu
    $500 6
United Nations

Babu
    $500 21
TVA (Tennessee Valley Authority)

Babu

Scores at the first commercial break (after clue 15):

Babu Lisa Greg
$900 $900 $1,100

Scores at the end of the Jeopardy! Round:

Babu Lisa Greg
$1,200 $1,300 $1,900

Double Jeopardy! Round responses

THE "GOOD" BOOK
MUSICALS!
GETTING SCIENTIFIC
BIG APPLE SAUCE
THE ONE & ONLY
BACKWORDS
(Alex: The correct response will be one of the words in the clue, but backwards)
    $200 4
The Good Earth

Babu
    $200 13
Oliver!

Lisa
    $200 1
Dry ice

Babu
    $200 11
P.T. Barnum

Babu
    $200 19
Lyndon Johnson

Babu
    $200 26
Gut (tug)

Greg
    $400 7
Goodnight Moon

Greg
    $400 14
Oklahoma!

Babu
    $400 2
Antibiotics

Babu
    $400 12
Hell's Kitchen

Greg
    $400 22
60 Minutes

Babu
    $400 27
(buzzer sounds)

Time (emit)

Greg
    $600 8
Goodbye, Mr. Chips

Babu
    $600 16
Fiorello! (named for Fiorello LaGuardia)

Triple Stumper
    $600 3
Everything

Greg
    $600 15
Jackie Robinson

Lisa
    $600 23
(less than a minute to go...)

Don Larsen

Babu
    $800 9
Good As Gold

Triple Stumper
    $800 17
(Lisa: What is Mame?)

Hello, Dolly!

Lisa
Triple Stumper
    $2,000 5
(B: What is diagnosis?)

Autopsy

Babu
    $800 20
Rikers Island

Babu
    $800 24
Linus Pauling

Greg
    $1000 10
Beyond Good And Evil

Triple Stumper
    $1000 18
George M!

Triple Stumper
    $1000 6
Avogadro's Number

Babu
    $2,500 21
Giuseppe Garibaldi

Babu
    $1000 25
Fidelio

Greg

Scores at the end of the Double Jeopardy! Round:

Babu Lisa Greg
$6,700 $1,300 $5,700

[wagering suggestions for these scores]

Final Jeopardy! Round responses

BUSINESS & INDUSTRY
(Alex: Babu, what was your selection in the automobiles?)
(Babu: I picked the Corvette.)
(Alex: Babu, that car is you!)
LisaWhat is K-Mart?
$1,300
GregWhat is Wal-Mart?
$5,698
BabuWhat is K-Mart?
$6,600
Kmart

Final scores:

Babu Lisa Greg
$13,300 $2,600 $2
5-day champion: $75,100 2nd place: Trip to Paris, France from Priceline.com 3rd place: IKEA Shopping Spree

Game dynamics:

Coryat scores:

Babu Lisa Greg
$8,700 $1,300 $5,700
23 R
(including 1 DD),
5 W
(including 2 DDs)
10 R,
3 W
13 R,
1 W

Combined Coryat: $15,700

The J! Archive is created by fans, for fans. The Jeopardy! game show and all elements thereof, including but not limited to copyright and trademark thereto, are the property of Jeopardy Productions, Inc. and are protected under law. This website is not affiliated with, sponsored by, or operated by Jeopardy Productions, Inc. Join the discussion at JBoard.tv.